000 00829nas a2200217 454500
001 14876
005 20260407193505.0
008 260407s2012####ag###########|||spa#d
003 AR-UNSa-BCEJYS
040 _aAR-UNSa-BCEJYS
_bspa
_cAR-UNSa-BCEJYS
080 _a347.7
_xDerecho Mercantil. Derecho Comercial
245 1 0 _aDerecho Comercial y de las obligaciones
_pRevista de Doctrina, Jurisprudencia, Legislación y Práctica
022 _a1851-1805
264 1 _aBuenos Aires :
_bAbeledo Perrot
_c2012
310 _aPort: Fundada por Issac Halperin en 1968
942 _cSER
590 _aniveau_biblio:s niveau_hierar:1
100 1 _aEtcheverry, Raúl Aníbal
650 _aDERECHO COMERCIAL
856 4 1 _uhttps://biblioeco.unsa.edu.ar/pmb/images/revistas/Derecho Comercial y de las Obligaciones.jpg
_yImagen de portada
_qimage/jpeg
999 _c8468
_d8468